[Event "WM Moskau"]
[Site "?"]
[Date "1984.??.??"]
[Round "35"]
[White "Karpov, Anatoly"]
[Black "Kasparov, Gary"]
[Result "1/2-1/2"]
[WhiteElo "2700"]
[BlackElo "2710"]
[PlyCount "44"]
[EventDate "1984.??.??"]
[Source "www.chesslib.no"]
[SourceDate "2004.05.04"]

1. e4 c5 2. Nf3 Nc6 3. d4 cxd4 4. Nxd4 Nf6 5. Nc3 d6 6. Bg5 e6 7. Qd2 Be7 8. O-O-O O-O 9. f4 h6 10. Bh4 e5 11. Nf5 Bxf5 12. exf5 exf4 13. Kb1 d5 14. Bxf6 Bxf6 15. Nxd5 Be5 16. g3 fxg3 17. hxg3 Ne7 18. f6 Nxd5 19. fxg7 Nc3+ 20. bxc3 Qb6+ 21. Kc1 Rfd8 22. Bd3 Bxg7 1/2-1/2

[Event "Tilburg NED"]
[Site "Tilburg NED"]
[Date "1981.??.??"]
[Round "8"]
[White "Beliavsky, Alexander G"]
[Black "Miles, Anthony J"]
[Result "1-0"]
[WhiteElo "2620"]
[BlackElo "2590"]
[PlyCount "108"]
[EventDate "1981.??.??"]
[Source "www.chesslib.no"]
[SourceDate "2004.05.04"]

1. e4 c5 2. Nf3 d6 3. d4 cxd4 4. Nxd4 Nf6 5. Nc3 Nc6 6. Bg5 e6 7. Qd2 Be7 8. O-O-O O-O 9. f4 h6 10. Bh4 e5 11. Nf5 Bxf5 12. exf5 Qa5 13. Kb1 Rfe8 14. g4 Nxg4 15. Bxe7 Nxe7 16. Rg1 Nf6 17. Bb5 Nxf5 18. Bxe8 Rxe8 19. Ne4 Qd8 20. Nxd6 Qxd6 21. Qxd6 Nxd6 22. fxe5 Rxe5 23. Rxd6 Kh7 24. Kc1 Re2 25. Rd2 Re7 26. Rgd1 g5 27. c4 h5 28. b4 g4 29. c5 Kg6 30. b5 Rc7 31. Rc2 Nd7 32. c6 Ne5 33. Rc5 bxc6 34. Rxe5 cxb5+ 35. Kd2 Rc4 36. Rf1 Ra4 37. Rf2 Rxa2+ 38. Ke3 Ra3+ 39. Kf4 Ra4+ 40. Kg3 Ra3+ 41. Kg2 b4 42. Ref5 b3 43. Rf6+ Kg5 44. R2f5+ Kh4 45. Rh6 Ra2+ 46. Kg1 Ra1+ 47. Kf2 Ra2+ 48. Ke3 Kh3 49. Rhxh5+ Kg2 50. Rhg5 Ra4 51. Rf2+ Kh1 52. Rb2 Ra2 53. Rxb3 Rxh2 54. Rb1+ Kg2 1-0

[Event "ch Durango"]
[Site "ch Durango"]
[Date "1992.??.??"]
[Round "?"]
[White "Wolff, Patrick G"]
[Black "Gurevich, Mikhail N"]
[Result "1/2-1/2"]
[WhiteElo "2570"]
[BlackElo "2635"]
[PlyCount "90"]
[EventDate "1992.??.??"]
[Source "www.chesslib.no"]
[SourceDate "2004.05.04"]

1. e4 c5 2. Nf3 d6 3. d4 cxd4 4. Nxd4 Nf6 5. Nc3 Nc6 6. Bg5 e6 7. Qd2 Be7 8. O-O-O O-O 9. f4 h6 10. h4 hxg5 11. hxg5 Ng4 12. Qe2 Nce5 13. Nf3 Qb6 14. fxe5 Nxe5 15. Nxe5 Bxg5+ 16. Kb1 dxe5 17. Qh5 Bh6 18. Qxe5 Qe3 19. Be2 Qf4 20. Qd4 b6 21. Rdf1 Qe3 22. Qd6 Bb7 23. Qc7 Bxe4 24. Nxe4 Qxe2 25. Qe5 Qc4 26. Nf6+ gxf6 27. Qh5 Qxf1+ 28. Rxf1 Kg7 29. a4 Bg5 30. Qf3 Rfd8 31. Rd1 a5 32. c3 Rab8 33. Kc2 Kf8 34. b4 axb4 35. Rxd8+ Rxd8 36. cxb4 Rd5 37. Kb3 Ke7 38. Qc3 Bf4 39. a5 Be5 40. Qc4 b5 41. Qc6 f5 42. Qb7+ Ke8 43. a6 Bd4 44. a7 Bxa7 45. Qxa7 Kf8 1/2-1/2

[Event "NED"]
[Site "NED"]
[Date "1978.??.??"]
[Round "?"]
[White "Liberzon, Vladimir M"]
[Black "Sosonko, Gennadi P"]
[Result "1/2-1/2"]
[WhiteElo "2555"]
[BlackElo "2575"]
[PlyCount "31"]
[EventDate "1978.??.??"]
[Source "www.chesslib.no"]
[SourceDate "2004.05.04"]

1. e4 c5 2. Nf3 Nc6 3. d4 cxd4 4. Nxd4 Nf6 5. Nc3 d6 6. Bg5 e6 7. Qd2 Be7 8. O-O-O O-O 9. f4 h6 10. Bh4 Bd7 11. Nf3 Nxe4 12. Nxe4 Bxh4 13. Qxd6 Be8 14. Nxh4 Qxh4 15. g3 Qh5 16. a3 1/2-1/2

[Event "New York Open"]
[Site "Newark, NJ USA"]
[Date "1995.??.??"]
[Round "?"]
[White "Hracek, Zbynek"]
[Black "Gurevich, Dmitry B"]
[Result "1-0"]
[WhiteElo "2595"]
[BlackElo "2530"]
[PlyCount "127"]
[EventDate "1995.04.12"]
[Source "www.chesslib.no"]
[SourceDate "2004.05.04"]

1. e4 c5 2. Nf3 d6 3. d4 cxd4 4. Nxd4 Nf6 5. Nc3 Nc6 6. Bg5 e6 7. Qd2 Be7 8. O-O-O O-O 9. f4 h6 10. Bh4 Qb6 11. Bf2 Qc7 12. Kb1 e5 13. Ndb5 Qa5 14. Na3 Bg4 15. Nc4 Qc7 16. Re1 exf4 17. Qxf4 Ne5 18. Nb5 Qd7 19. Nxe5 dxe5 20. Qxe5 Bb4 21. c3 Nxe4 22. Bd4 Nd2+ 23. Ka1 f6 24. Qc7 Nxf1 25. Qc4+ Rf7 26. Qxb4 a5 27. Qc4 Nd2 28. Qd3 Bf5 29. Qe2 Qd5 30. Na3 Ne4 31. Nc4 Qc6 32. Rhf1 Bg6 33. Na3 Re7 34. Qc4+ Bf7 35. Qxc6 bxc6 36. b3 Rae8 37. Kb2 Nd2 38. Rxe7 Rxe7 39. Rf2 Ne4 40. Re2 f5 41. c4 Rd7 42. Bc3 a4 43. bxa4 Bh5 44. Re3 Nc5 45. g3 Nxa4+ 46. Kc2 g5 47. Rd3 Re7 48. Bd4 Re1 49. h4 f4 50. hxg5 Bg6 51. Kd2 Re8 52. Rf3 Rd8 53. Rxf4 hxg5 54. Rg4 Kf7 55. Kc1 c5 56. Be5 Rd3 57. Nb5 Rf3 58. Rxg5 Rf1+ 59. Kd2 Rf2+ 60. Ke3 Rxa2 61. Rg4 Bb1 62. Nc7 Rh2 63. Rg7+ Kf8 64. Ne6+ 1-0

[Event "USA (ch)"]
[Site "?"]
[Date "1989.??.??"]
[Round "?"]
[White "Kudrin, S."]
[Black "Benjamin, Joel"]
[Result "1/2-1/2"]
[WhiteElo "2570"]
[BlackElo "2530"]
[PlyCount "93"]
[EventDate "1989.??.??"]
[Source "ChessBase"]
[SourceDate "1989.07.01"]

1. e4 c5 2. Nf3 d6 3. d4 cxd4 4. Nxd4 Nf6 5. Nc3 Nc6 6. Bg5 e6 7. Qd2 Be7 8. O-O-O O-O 9. f4 h6 10. Bh4 e5 11. Nf5 Bxf5 12. exf5 exf4 13. Kb1 d5 14. Bxf6 Bxf6 15. Nxd5 Be5 16. Bc4 b5 17. Bb3 a5 18. a3 Qg5 19. g3 fxg3 20. Qxg5 hxg5 21. hxg3 a4 22. Ba2 Bxg3 23. f6 Bh4 24. Ne7+ Nxe7 25. fxe7 Rfe8 26. Rd7 Bg3 27. Rhd1 Be5 28. Bd5 Rac8 29. Bb7 Rb8 30. Bc6 Bf6 31. Re1 Rb6 32. Bd5 Rbb8 33. Rc7 g4 34. Bc6 Bh4 35. Re2 g6 36. Kc1 f5 37. Kd1 Kf7 38. Bd5+ Kg7 39. Bc6 Kf7 40. Bd5+ Kg7 41. Re6 Kh6 42. Ke2 b4 43. axb4 Rxb4 44. Bc6 Rxe7 45. Rexe7 Bxe7 46. Rxe7 Rc4 47. Re6 1/2-1/2

[Event "URS"]
[Site "Soviet Union"]
[Date "1980.??.??"]
[Round "?"]
[White "Geller, Efim P"]
[Black "Kupreichik, Viktor D"]
[Result "1/2-1/2"]
[WhiteElo "2565"]
[BlackElo "2535"]
[PlyCount "41"]
[EventDate "1980.??.??"]
[Source "www.chesslib.no"]
[SourceDate "2004.05.04"]

1. e4 c5 2. Nf3 d6 3. d4 cxd4 4. Nxd4 Nf6 5. Nc3 Nc6 6. Bg5 e6 7. Qd2 Be7 8. O-O-O O-O 9. f4 h6 10. Bh4 Bd7 11. Ndb5 Nxe4 12. Bxe7 Nxd2 13. Bxd8 Nxf1 14. Bc7 Ne3 15. Rxd6 Bc8 16. Rd3 Nxg2 17. Bd6 Rd8 18. Nc7 Rb8 19. N7b5 Ra8 20. Nc7 Rb8 21. a3 1/2-1/2

[Event "Biel (izt) 40/(232)"]
[Site "Biel (izt) 40/(232)"]
[Date "1985.??.??"]
[Round "?"]
[White "Sax, Gy"]
[Black "Van der Wiel, J."]
[Result "0-1"]
[WhiteElo "2565"]
[BlackElo "2520"]
[PlyCount "50"]
[EventDate "1985.??.??"]
[Source "Chess Informant"]
[SourceDate "1985.07.01"]

1. e4 c5 2. Nf3 Nc6 3. d4 cxd4 4. Nxd4 Nf6 5. Nc3 d6 6. Bg5 e6 7. Qd2 Be7 8. O-O-O O-O 9. f4 h6 10. Bh4 e5 11. Nf5 Bxf5 12. exf5 exf4 13. Kb1 d5 14. Qxf4 d4 15. Bxf6 Bxf6 16. Ne4 Be5 17. Qf3 Rc8 18. Bc4 Na5 19. Bd3 Nc4 20. f6 g6 21. h4 Qb6 22. Bxc4 Rxc4 23. h5 d3 24. c3 Rxe4 25. Qxe4 Bxc3 0-1

[Event "Manila (ol)"]
[Site "?"]
[Date "1992.??.??"]
[Round "?"]
[White "Shabalov, A."]
[Black "Smirin, I."]
[Result "1-0"]
[WhiteElo "2535"]
[BlackElo "2545"]
[PlyCount "155"]
[EventDate "1992.??.??"]
[Source "ChessBase"]
[SourceDate "1992.06.01"]

1. e4 c5 2. Nf3 d6 3. d4 cxd4 4. Nxd4 Nf6 5. Nc3 Nc6 6. Bg5 e6 7. Qd2 Be7 8. O-O-O O-O 9. f4 h6 10. h4 Nxd4 11. Qxd4 a6 12. Be2 Qa5 13. Bf3 Rd8 14. g4 Bd7 15. Bxh6 gxh6 16. g5 Ne8 17. Rdg1 h5 18. Bxh5 Bf8 19. f5 Qe5 20. Qd2 exf5 21. g6 fxg6 22. Rxg6+ Kh7 23. Rhg1 fxe4 24. Rh6+ Bxh6 25. Bg6+ Kg7 26. Bxe8+ Kh7 27. Bg6+ Kg7 28. Bxe4+ Kf7 29. Qxh6 Rh8 30. Bd5+ Ke7 31. Qd2 Kd8 32. Re1 Qh5 33. Ne4 Qh6 34. Ng5 Kc7 35. Re7 Rae8 36. Qa5+ b6 37. Qc3+ Kd8 38. Rxd7+ Kxd7 39. Qc6+ Ke7 40. Qc7+ Kf6 41. Qxd6+ Kf5 42. Qd7+ Ke5 43. Bf7 Qf8 44. Qd5+ Kf6 45. Qf3+ Ke7 46. Qb7+ Kf6 47. Qxb6+ Kf5 48. Qf2+ Ke5 49. Qg3+ Kf6 50. Qf4+ Ke7 51. Qc7+ Kf6 52. Qc6+ Ke5 53. Qd5+ Kf6 54. Qf3+ Ke7 55. Qb7+ Kd8 56. Qb8+ Ke7 57. Qa7+ Kd8 58. Qa8+ Ke7 59. Qa7+ Kd8 60. Qb6+ Ke7 61. Qe6+ Kd8 62. Qb6+ Ke7 63. Qxa6 Rb8 64. Qa7+ Kd6 65. Qd4+ Kc6 66. Bd5+ Kd7 67. Nf7 Rh6 68. Qg4+ Kc7 69. Qf4+ Rd6 70. Qxd6+ Qxd6 71. Nxd6 Kxd6 72. Bf7 Rf8 73. Bg6 Rf1+ 74. Kd2 Rf2+ 75. Ke3 Rh2 76. h5 Ke5 77. Kd3 Kd5 78. Kc3 1-0

[Event "Tch (Men) 2005/2006 CRO"]
[Site "?"]
[Date "2006.05.11"]
[Round "2.4"]
[White "Brkic Ante"]
[Black "Jovanovic Zoran"]
[Result "1-0"]
[WhiteElo "2526"]
[BlackElo "2536"]
[PlyCount "97"]
[EventDate "2006.??.??"]
[Source "www.chesslib.no"]
[SourceDate "2004.05.04"]

1. e4 c5 2. Nf3 d6 3. d4 cxd4 4. Nxd4 Nf6 5. Nc3 Nc6 6. Bg5 e6 7. Qd2 Be7 8. O-O-O O-O 9. f4 h6 10. Bh4 e5 11. Nf5 Bxf5 12. exf5 Qa5 13. Kb1 Rfe8 14. Bc4 Qb4 15. Bb3 Qxf4 16. Qxf4 exf4 17. Bxf6 Bxf6 18. Nd5 Re5 19. Nxf6+ gxf6 20. Rhf1 Kf8 21. Rxf4 Ke7 22. c3 Rg8 23. Bd5 Rg5 24. Be4 h5 25. h3 Kd7 26. g4 hxg4 27. hxg4 Rg8 28. Bd5 Rg7 29. Rc4 Rh7 30. Bxc6+ bxc6 31. Rcd4 d5 32. Ra4 Re2 33. Rxa7+ Kd6 34. c4 Rhh2 35. Rb7 Rhg2 36. cxd5 cxd5 37. Rb4 Kc5 38. a3 Rd2 39. Rc1+ Kd6 40. a4 d4 41. a5 Rxg4 42. a6 Rg8 43. a7 Ra8 44. Rb6+ Kd5 45. Rc7 Rh2 46. Rb8 Rh8 47. Rxh8 Rxh8 48. b4 Kd6 49. Rb7 1-0

[Event "Olympiad"]
[Site "Dubai ol"]
[Date "1986.??.??"]
[Round "?"]
[White "Rodriguez, Amador C"]
[Black "Popovic, Petar"]
[Result "0-1"]
[WhiteElo "2505"]
[BlackElo "2545"]
[PlyCount "68"]
[EventDate "1986.??.??"]
[Source "www.chesslib.no"]
[SourceDate "2004.05.04"]

1. e4 c5 2. Nf3 d6 3. d4 cxd4 4. Nxd4 Nf6 5. Nc3 Nc6 6. Bg5 e6 7. Qd2 Be7 8. O-O-O O-O 9. f4 h6 10. Bh4 e5 11. Nf5 Bxf5 12. exf5 exf4 13. Kb1 d5 14. Bxf6 Bxf6 15. Nxd5 Be5 16. Bc4 b5 17. Bxb5 Rb8 18. c4 Nd4 19. Rhe1 f6 20. a4 a6 21. Bxa6 Rb3 22. Bb5 Qa8 23. Qxd4 Bxd4 24. Rxd4 f3 25. gxf3 Qa7 26. Rd2 Rxf3 27. Ne7+ Kh7 28. Ng6 Rg8 29. Rc1 Rd8 30. Rg2 Qc5 31. Rg3 Rb3 32. Rc2 Qc7 33. Rf2 Rd4 34. Ka2 Ra3+ 0-1

[Event "Zalaegerszeg"]
[Site "Zalaegerszeg"]
[Date "1990.??.??"]
[Round "?"]
[White "Sax, Gyula"]
[Black "Sherzer, Alex"]
[Result "1-0"]
[WhiteElo "2605"]
[BlackElo "2440"]
[PlyCount "69"]
[EventDate "1990.??.??"]
[Source "www.chesslib.no"]
[SourceDate "2004.05.04"]

1. e4 c5 2. Nf3 d6 3. d4 cxd4 4. Nxd4 Nf6 5. Nc3 Nc6 6. Bg5 e6 7. Qd2 Be7 8. O-O-O O-O 9. f4 h6 10. Bh4 e5 11. Nf5 Bxf5 12. exf5 exf4 13. Kb1 d5 14. Bxf6 Bxf6 15. Nxd5 Be5 16. Bc4 b5 17. Bb3 a5 18. a3 a4 19. Ba2 b4 20. axb4 a3 21. b5 Qb8 22. b4 Qxb5 23. Rhe1 Rfd8 24. c3 Rab8 25. Qc2 Kh8 26. f6 g6 27. Re4 Rbc8 28. Rd3 Kh7 29. Qd2 Qb8 30. g3 fxg3 31. Rh4 g5 32. Qxg5 Bf4 33. Qf5+ Kg8 34. Qg6+ fxg6 35. Ne7+ 1-0

[Event "Jugoslavija"]
[Site "Jugoslavija"]
[Date "1984.??.??"]
[Round "?"]
[White "Matulovic, Milan"]
[Black "Popovic, Petar"]
[Result "1/2-1/2"]
[WhiteElo "2465"]
[BlackElo "2515"]
[PlyCount "45"]
[EventDate "1984.??.??"]
[Source "www.chesslib.no"]
[SourceDate "2004.05.04"]

1. e4 c5 2. Nf3 Nc6 3. d4 cxd4 4. Nxd4 Nf6 5. Nc3 d6 6. Bg5 e6 7. Qd2 Be7 8. O-O-O O-O 9. f4 h6 10. Bh4 e5 11. Nxc6 bxc6 12. fxe5 dxe5 13. Qxd8 Rxd8 14. Rxd8+ Bxd8 15. Bc4 Kf8 16. Rf1 Bd7 17. h3 Be8 18. Rd1 Ke7 19. Na4 g5 20. Bg3 Bc7 21. Nc5 Nh5 22. Be1 Rd8 23. Bg3 1/2-1/2